000 00606nam a2200205Ii 4500
001 13026
003 CO-ViMGA
008 241108s9999||||xx |||||||||||||| ||und||
040 _aCO-ViMGA
_bspa
_erda
_cCO-ViMGA
041 0 _aspa
082 0 4 _aCG 335 - B63s
100 1 _aDemetrio Boersner
_946058
245 1 0 _aSocialismo y nacionalismo
264 1 _aCaracas, Venezuela : Universidad Central de Venezuela, 1965
300 _avolumen
336 _atext
_btxt
_2rdacontent
337 _aunmediated
_bn
_2rdamedia
338 _avolume
_bnc
_2rdacarrier
940 _aidficha_siabuc: 12732. -- ficha_no_siabuc:13026
999 _c40607
_d40607